<?xml version="1.0" encoding="UTF-8"?>
<collection xmlns="http://www.loc.gov/MARC21/slim">
 <record>
  <leader>03836cas a2200877 c 4500</leader>
  <controlfield tag="001">12945897X</controlfield>
  <controlfield tag="003">DE-627</controlfield>
  <controlfield tag="005">20260305134920.0</controlfield>
  <controlfield tag="007">tu</controlfield>
  <controlfield tag="008">931114c19349999xx a| p|      0   |0ger c</controlfield>
  <datafield tag="015" ind1=" " ind2=" ">
   <subfield code="a">82,A13,0904</subfield>
   <subfield code="2">dnb</subfield>
  </datafield>
  <datafield tag="016" ind1="7" ind2=" ">
   <subfield code="a">011135921</subfield>
   <subfield code="2">DE-101</subfield>
  </datafield>
  <datafield tag="016" ind1="7" ind2=" ">
   <subfield code="a">200291-7</subfield>
   <subfield code="2">DE-600</subfield>
  </datafield>
  <datafield tag="022" ind1=" " ind2=" ">
   <subfield code="a">0044-2135</subfield>
  </datafield>
  <datafield tag="024" ind1="7" ind2=" ">
   <subfield code="a">00383767</subfield>
   <subfield code="2">swets</subfield>
  </datafield>
  <datafield tag="035" ind1=" " ind2=" ">
   <subfield code="a">(DE-627)12945897X</subfield>
  </datafield>
  <datafield tag="035" ind1=" " ind2=" ">
   <subfield code="a">(DE-603)047251115</subfield>
  </datafield>
  <datafield tag="035" ind1=" " ind2=" ">
   <subfield code="a">(DE-576)014822466</subfield>
  </datafield>
  <datafield tag="035" ind1=" " ind2=" ">
   <subfield code="a">(DE-599)ZDB200291-7</subfield>
  </datafield>
  <datafield tag="035" ind1=" " ind2=" ">
   <subfield code="a">(OCoLC)1367314067</subfield>
  </datafield>
  <datafield tag="040" ind1=" " ind2=" ">
   <subfield code="a">DE-627</subfield>
   <subfield code="b">ger</subfield>
   <subfield code="c">DE-627</subfield>
   <subfield code="e">rakwb</subfield>
  </datafield>
  <datafield tag="041" ind1=" " ind2=" ">
   <subfield code="a">ger</subfield>
  </datafield>
  <datafield tag="044" ind1=" " ind2=" ">
   <subfield code="c">XA-DDDE</subfield>
   <subfield code="c">XA-DE</subfield>
  </datafield>
  <datafield tag="082" ind1="0" ind2="4">
   <subfield code="a">700</subfield>
   <subfield code="q">DE-600</subfield>
  </datafield>
  <datafield tag="084" ind1=" " ind2=" ">
   <subfield code="a">KU 1</subfield>
   <subfield code="2">sfb</subfield>
  </datafield>
  <datafield tag="084" ind1=" " ind2=" ">
   <subfield code="a">46</subfield>
   <subfield code="a">700</subfield>
   <subfield code="a">730</subfield>
   <subfield code="a">740</subfield>
   <subfield code="a">750</subfield>
   <subfield code="a">760</subfield>
   <subfield code="2">sdnb</subfield>
  </datafield>
  <datafield tag="084" ind1=" " ind2=" ">
   <subfield code="a">9,10</subfield>
   <subfield code="2">ssgn</subfield>
  </datafield>
  <datafield tag="084" ind1=" " ind2=" ">
   <subfield code="a">LD 3000</subfield>
   <subfield code="2">rvk</subfield>
   <subfield code="0">(DE-625)rvk/92187:</subfield>
  </datafield>
  <datafield tag="084" ind1=" " ind2=" ">
   <subfield code="a">20.00</subfield>
   <subfield code="2">bkl</subfield>
  </datafield>
  <datafield tag="110" ind1="2" ind2=" ">
   <subfield code="a">Deutscher Verein für Kunstwissenschaft</subfield>
   <subfield code="e">VerfasserIn</subfield>
   <subfield code="0">(DE-588)2008620-9</subfield>
   <subfield code="0">(DE-627)101626207</subfield>
   <subfield code="0">(DE-576)191636398</subfield>
   <subfield code="4">aut</subfield>
  </datafield>
  <datafield tag="245" ind1="1" ind2="0">
   <subfield code="a">Zeitschrift des Deutschen Vereins für Kunstwissenschaft</subfield>
  </datafield>
  <datafield tag="247" ind1="1" ind2="0">
   <subfield code="a">Beiträge zur mitteleuropäischen Kunst</subfield>
   <subfield code="f">Zusatz anfangs</subfield>
  </datafield>
  <datafield tag="264" ind1="3" ind2="1">
   <subfield code="a">Berlin</subfield>
   <subfield code="b">Dt. Verl. für Kunstwiss.</subfield>
   <subfield code="c">1934-</subfield>
  </datafield>
  <datafield tag="264" ind1="2" ind2="1">
   <subfield code="a">Berlin</subfield>
   <subfield code="b">Verein</subfield>
   <subfield code="c">anfangs</subfield>
  </datafield>
  <datafield tag="336" ind1=" " ind2=" ">
   <subfield code="a">Text</subfield>
   <subfield code="b">txt</subfield>
   <subfield code="2">rdacontent</subfield>
  </datafield>
  <datafield tag="337" ind1=" " ind2=" ">
   <subfield code="a">ohne Hilfsmittel zu benutzen</subfield>
   <subfield code="b">n</subfield>
   <subfield code="2">rdamedia</subfield>
  </datafield>
  <datafield tag="338" ind1=" " ind2=" ">
   <subfield code="a">Band</subfield>
   <subfield code="b">nc</subfield>
   <subfield code="2">rdacarrier</subfield>
  </datafield>
  <datafield tag="361" ind1="1" ind2=" ">
   <subfield code="5">DE-77</subfield>
   <subfield code="s">DD Z 35</subfield>
   <subfield code="o">Vorbesitz</subfield>
   <subfield code="a">Kunsthistorische Forschungsstätte</subfield>
   <subfield code="0">(DE-588)1136085645</subfield>
   <subfield code="0">(DE-627)891222987</subfield>
   <subfield code="0">(DE-576)490299016</subfield>
   <subfield code="l">10.1943,1,2</subfield>
  </datafield>
  <datafield tag="362" ind1="0" ind2=" ">
   <subfield code="a">1.1934 - 10.1943; 17.1963 -</subfield>
  </datafield>
  <datafield tag="363" ind1="0" ind2="1">
   <subfield code="i">1934</subfield>
  </datafield>
  <datafield tag="363" ind1="1" ind2="0">
   <subfield code="i">1943</subfield>
  </datafield>
  <datafield tag="365" ind1=" " ind2=" ">
   <subfield code="b">(Pr. nicht mitget.)</subfield>
  </datafield>
  <datafield tag="500" ind1=" " ind2=" ">
   <subfield code="a">Erscheint jährlich</subfield>
  </datafield>
  <datafield tag="515" ind1=" " ind2=" ">
   <subfield code="a">Zählung ab 1963 von &quot;Zeitschrift für Kunstwissenschaft&quot; übernommen</subfield>
  </datafield>
  <datafield tag="555" ind1=" " ind2=" ">
   <subfield code="a">Index 1/37.1934/83 in: 38.1984; 38/48.1984/94 in: 48.1994; 49/60.1995/2006 in: 59/60.2005/06; 1/61.1934/2007 in: 62.2008; 62/73 (2008/2019) in: Band 72/73 (2018/2019)</subfield>
  </datafield>
  <datafield tag="583" ind1="1" ind2=" ">
   <subfield code="3">1995-</subfield>
   <subfield code="a">Archivierung/Langzeitarchivierung gewährleistet</subfield>
   <subfield code="f">PEBE</subfield>
   <subfield code="x">XA-DE-BE</subfield>
   <subfield code="2">pdager</subfield>
   <subfield code="5">DE-109</subfield>
  </datafield>
  <datafield tag="591" ind1=" " ind2=" ">
   <subfield code="a">S/C!</subfield>
  </datafield>
  <datafield tag="650" ind1=" " ind2="4">
   <subfield code="a">Kunstgeschichte</subfield>
  </datafield>
  <datafield tag="655" ind1=" " ind2="7">
   <subfield code="a">Zeitschrift</subfield>
   <subfield code="0">(DE-588)4067488-5</subfield>
   <subfield code="0">(DE-627)10454466X</subfield>
   <subfield code="0">(DE-576)20917000X</subfield>
   <subfield code="2">gnd-content</subfield>
  </datafield>
  <datafield tag="689" ind1="0" ind2="0">
   <subfield code="d">s</subfield>
   <subfield code="0">(DE-588)4114333-4</subfield>
   <subfield code="0">(DE-627)105822957</subfield>
   <subfield code="0">(DE-576)209483733</subfield>
   <subfield code="a">Kunst</subfield>
   <subfield code="2">gnd</subfield>
  </datafield>
  <datafield tag="689" ind1="0" ind2="1">
   <subfield code="a">z</subfield>
   <subfield code="2">gnd</subfield>
   <subfield code="a">Geschichte</subfield>
  </datafield>
  <datafield tag="689" ind1="0" ind2=" ">
   <subfield code="5">DE-101</subfield>
  </datafield>
  <datafield tag="689" ind1="1" ind2="0">
   <subfield code="d">g</subfield>
   <subfield code="0">(DE-588)4011882-4</subfield>
   <subfield code="0">(DE-627)104704861</subfield>
   <subfield code="0">(DE-576)208896155</subfield>
   <subfield code="a">Deutschland</subfield>
   <subfield code="2">gnd</subfield>
  </datafield>
  <datafield tag="689" ind1="1" ind2="1">
   <subfield code="d">s</subfield>
   <subfield code="0">(DE-588)4114333-4</subfield>
   <subfield code="0">(DE-627)105822957</subfield>
   <subfield code="0">(DE-576)209483733</subfield>
   <subfield code="a">Kunst</subfield>
   <subfield code="2">gnd</subfield>
  </datafield>
  <datafield tag="689" ind1="1" ind2="2">
   <subfield code="a">z</subfield>
   <subfield code="2">gnd</subfield>
   <subfield code="a">Geschichte</subfield>
  </datafield>
  <datafield tag="689" ind1="1" ind2=" ">
   <subfield code="5">DE-101</subfield>
  </datafield>
  <datafield tag="689" ind1="2" ind2="0">
   <subfield code="d">s</subfield>
   <subfield code="0">(DE-588)4120632-0</subfield>
   <subfield code="0">(DE-627)105775118</subfield>
   <subfield code="0">(DE-576)209536748</subfield>
   <subfield code="a">Kunstwissenschaft</subfield>
   <subfield code="2">gnd</subfield>
  </datafield>
  <datafield tag="689" ind1="2" ind2=" ">
   <subfield code="5">DE-101</subfield>
  </datafield>
  <datafield tag="770" ind1="0" ind2="8">
   <subfield code="i">Supplement</subfield>
   <subfield code="n">Anfangs Sonderh.</subfield>
   <subfield code="t">Schrifttum zur deutschen Kunst</subfield>
   <subfield code="d">Berlin : Dt. Verl. für Kunstwiss., 1934</subfield>
   <subfield code="w">(DE-627)12947570X</subfield>
   <subfield code="w">(DE-600)203353-7</subfield>
   <subfield code="w">(DE-576)014854821</subfield>
   <subfield code="x">0080-7176</subfield>
  </datafield>
  <datafield tag="787" ind1="0" ind2=" ">
   <subfield code="i">1947 - 1962</subfield>
   <subfield code="t">Zeitschrift für Kunstwissenschaft</subfield>
   <subfield code="d">Berlin : [Verlag nicht ermittelbar], 1947</subfield>
   <subfield code="w">(DE-627)129458988</subfield>
   <subfield code="w">(DE-600)200292-9</subfield>
   <subfield code="w">(DE-576)014822474</subfield>
   <subfield code="x">0721-958X</subfield>
  </datafield>
  <datafield tag="787" ind1="0" ind2="8">
   <subfield code="i">Rezensiert in</subfield>
   <subfield code="a">Kammel, Frank Matthias, 1961 - </subfield>
   <subfield code="t">[Rezension von: Zeitschrift des Deutschen Vereins für Kunstwissenschaft 49/50, 1995/1996]</subfield>
   <subfield code="d">2000</subfield>
   <subfield code="w">(DE-627)1540516849</subfield>
   <subfield code="w">(DE-576)470516844</subfield>
  </datafield>
  <datafield tag="889" ind1=" " ind2=" ">
   <subfield code="w">(DE-576)475166302</subfield>
  </datafield>
  <datafield tag="889" ind1=" " ind2=" ">
   <subfield code="w">(DE-627)1918160171</subfield>
  </datafield>
  <datafield tag="935" ind1=" " ind2=" ">
   <subfield code="a">SAXB</subfield>
   <subfield code="a">BWLB</subfield>
   <subfield code="a">LBGMV</subfield>
  </datafield>
  <datafield tag="936" ind1="r" ind2="v">
   <subfield code="a">LD 3000</subfield>
   <subfield code="b">Zeitschriften Kunstgeschichte</subfield>
   <subfield code="k">Kunstgeschichte</subfield>
   <subfield code="k">Zeitschriften Kunstgeschichte</subfield>
   <subfield code="0">(DE-627)1450265480</subfield>
   <subfield code="0">(DE-625)rvk/92187:</subfield>
   <subfield code="0">(DE-576)380265486</subfield>
  </datafield>
  <datafield tag="936" ind1="b" ind2="k">
   <subfield code="a">20.00</subfield>
   <subfield code="j">Kunstwissenschaften: Allgemeines</subfield>
   <subfield code="0">(DE-627)106406493</subfield>
  </datafield>
  <datafield tag="936" ind1="s" ind2="n">
   <subfield code="a">l300</subfield>
   <subfield code="2">mzub</subfield>
  </datafield>
  <datafield tag="951" ind1=" " ind2=" ">
   <subfield code="a">JT</subfield>
  </datafield>
  <datafield tag="990" ind1=" " ind2=" ">
   <subfield code="a">Kunst</subfield>
  </datafield>
  <datafield tag="990" ind1=" " ind2=" ">
   <subfield code="a">Geschichte</subfield>
  </datafield>
  <datafield tag="990" ind1=" " ind2=" ">
   <subfield code="a">Deutschland</subfield>
  </datafield>
  <datafield tag="990" ind1=" " ind2=" ">
   <subfield code="a">Kunst</subfield>
  </datafield>
  <datafield tag="990" ind1=" " ind2=" ">
   <subfield code="a">Geschichte</subfield>
  </datafield>
  <datafield tag="990" ind1=" " ind2=" ">
   <subfield code="a">Kunstwissenschaft</subfield>
  </datafield>
  <datafield tag="991" ind1=" " ind2=" ">
   <subfield code="a">Rezensiertes Werk</subfield>
  </datafield>
  <datafield tag="999" ind1=" " ind2=" ">
   <subfield code="a">KXP-PPN12945897X</subfield>
   <subfield code="e">404615831X</subfield>
  </datafield>
 </record>
</collection>
